Lengua castellana y comunicación 1§ medio: texto del profesor
Guardat en:
| Autors principals: | , , , , |
|---|---|
| Format: | Llibre |
| Idioma: | espanyol |
| Publicat: |
Santiago
Arrayán
2000
|
| Edició: | 2a. ed |
| Matèries: | |
| Etiquetes: |
Afegir etiqueta
Sense etiquetes, Sigues el primer a etiquetar aquest registre!
|
MARC
| LEADER | 00000nam a2200000 a 4500 | ||
|---|---|---|---|
| 001 | UCH5592 | ||
| 003 | CL-VaPUC | ||
| 008 | 091014e20000000CL |||||||||||||||||spa|d | ||
| 020 | |a 9562402681 | ||
| 082 | 0 | 4 | |a 407.12 |b ORT |2 21 |
| 100 | |a Ortúzar Meza, Carmen |e autora |9 544982 | ||
| 700 | 0 | |a Rodríguez Aguirrezábal, Ignacio J |e author |9 541865 | |
| 700 | 0 | |a Piña, Juan Andrés |e author |9 541866 | |
| 700 | 0 | |a Stevenson V., Alejandra |e author |9 541867 | |
| 700 | 0 | |a Toro, Gabriela |e author |9 541868 | |
| 245 | 1 | 0 | |a Lengua castellana y comunicación 1§ medio: texto del profesor |
| 250 | |a 2a. ed | ||
| 300 | |a 265 p | ||
| 942 | |c BK | ||
| 945 | |d 20091014 00:00:00 |a lazolas | ||
| 260 | |a Santiago |b Arrayán |c 2000 | ||
| 650 | 0 | |a Educación lingüística |9 306506 | |
| 650 | 0 | |a Libros de texto |9 270019 | |
| 650 | 0 | |a Métodos de enseñanza |9 270413 | |
| 583 | |a last modification |c 20160617 12:04:38 |k Rodrigo Vera | ||
| 999 | |c 336705 |d 336703 | ||